000 00616nam a2200205 a 4500
001 8885
003 CO-ViMGA
005 20250801162556.0
008 141112s2004 ck r 000 u spa d
040 _aCO-ViMGA
_bspa
_cCO-ViMGA
082 _aFr809 F653
100 1 _aFondo mixto de promoción de cultura y las artes del Meta,
_92879
245 1 0 _aSinfonias Iniciales :
_bMemorias del taller permanente de escritores del Meta.
260 _aVillavicencio :
_bEntreletras,
_c2001
300 _a120p.
650 1 4 _aCUENTOS COLOMBIANOS
650 1 4 _aPOESIA COLOMBIANA
_91069
942 _2ddc
_cBK
999 _c10714
_d10714